|
|
|
|
| LEADER |
01436nam a2200349 a 4500 |
| 001 |
000001966 |
| 003 |
CZ BrMZK |
| 005 |
20250523085831.0 |
| 007 |
ta |
| 008 |
931125s1993 xr f p 000 m cze d |
| 015 |
|
|
|a cnb000082942
|
| 020 |
|
|
|a 80-7067-267-6
|c 17.00
|
| 035 |
|
|
|a (OCoLC)39561560
|
| 040 |
|
|
|a BOA001
|b cze
|
| 080 |
9 |
|
|a 791.44.071.1(437.1)(075.8):378.4
|
| 080 |
9 |
|
|a 791.44.071.1(437.6)(075.8):378.4
|
| 100 |
1 |
|
|a Voráč, Jiří,
|d 1965-
|7 jo2002106721
|4 aut
|
| 245 |
1 |
0 |
|a Čeští a slovenští filmoví režiséři v exilu/
|c Jiří Voráč
|
| 250 |
|
|
|a 1. vyd.
|
| 260 |
|
|
|a Olomouc :
|b Vydavatelství Univerzity Palackého,
|c 1993
|
| 300 |
|
|
|a 51 s.
|
| 504 |
|
|
|a Obsahuje bibliografii
|
| 500 |
|
|
|a Dostupné též v digitální podobě v aplikaci Kramerius
|
| 653 |
0 |
|
|a slovenští filmoví režiséři
|
| 856 |
4 |
1 |
|u http://www.digitalniknihovna.cz/mzk/uuid/uuid:930dffc0-3ac2-11f0-8d74-5ef3fc9bb22f
|y Digitalizovaný dokument
|x NDK
|
| 910 |
|
|
|a BOA001
|b 4-0994.314
|b PK-N-0031.066
|
| 920 |
|
|
|a 000241722
|
| 964 |
|
|
|a Režiséři filmoví čeští exiloví - učebnice - školy vysoké
|
| 964 |
|
|
|a Režiséři filmoví slovenští exiloví - učebnice - školy vysoké
|
| 990 |
|
|
|a BK
|
| 996 |
6 |
|
|b 2610003573
|c 4-0994.314
|l MZK
|r Sklad / do 1 hodiny
|n 25
|p p.v.
|w 000001966
|u 000010
|a 1
|e BOA001
|j MZK50
|s P
|
| 996 |
7 |
|
|b 3119910771
|c PK-N-0031.066
|l MZK
|r Sklad / do 1 hodiny
|n 16
|w 000001966
|u 000020
|a 1
|e BOA001
|j MZK50
|s A
|